Psicología del potencial humano

保存先:
書誌詳細
主要な著者: Aspinwall, Lisa G (著者), Staudinger, Ursula M (著者)
フォーマット: 図書
言語:スペイン語
出版事項: Barcelona Gedisa 2007
版:1a. ed
シリーズ:Psicologia Positiva
主題:
タグ: タグ追加
タグなし, このレコードへの初めてのタグを付けませんか!

MARC

LEADER 00000nam a2200000 a 4500
001 UCH3132
003 CL-VaPUC
008 090715e20070000SP |||||||||||||||||spa|d
020 |a 9788497841658 
082 0 4 |a 150.198  |b ASP  |2 21 
100 0 |a Aspinwall, Lisa G  |e author  |9 538299 
700 0 |a Staudinger, Ursula M  |e author  |9 538300 
245 1 0 |a Psicología del potencial humano 
250 |a 1a. ed 
300 |a 492 p 
942 |c BK 
945 |d 20090715 00:00:00  |a rbrito 
260 |a Barcelona  |b Gedisa  |c 2007 
650 7 |a PSICOLOGIA POSITIVA  |2 CL-VaPUC  |9 538301 
650 0 |a Personalidad   |9 307255 
650 0 |a Psicología clínica  |9 307259 
583 |a last modification  |c 20090715 00:00:00  |k Rodrigo Vera 
490 0 |a Psicologia Positiva 
999 |c 334768  |d 334766 
952 |0 0  |1 0  |4 0  |6 150_198000000000000_ASP_2007  |7 0  |8 R  |9 423941  |a BIBEDU  |b BIBEDU  |c MCIRC  |d 2019-11-22  |i 4574176  |l 1  |o 150.198 ASP 2007  |p 4574176  |r 2024-07-08  |s 2024-07-04  |w 2019-11-22  |y BK_R  |k PSI